00304nam a2200097Ia 4500008004100000245005900041245003500100260000900135650001400144856004800158171211s9999 xx 000 0 und d aGlobal Tax Governance: What's Wrong, and How to Fix It cPeter Dietsch and Thomas Rixen c2016 xECONOMICS uhttp://down.ebook777.com/062/1785521268.pdf